Central Library OPAC University of Rajshahi

The right way to conduct meetings, conferences and discussions / (Record no. 33540)

MARC details
000 -LEADER
fixed length control field 01022cam a22003131 4500
001 - CONTROL NUMBER
control field 33540
003 - CONTROL NUMBER IDENTIFIER
rucl marc code BD-RjUL
005 - DATE AND TIME OF LATEST TRANSACTION
control field 20211209052027.0
008 - FIXED-LENGTH DATA ELEMENTS--GENERAL INFORMATION
fixed length control field 140508s1964 enk 001 0 eng d
035 ## - SYSTEM CONTROL NUMBER
System control number (BD-RjUL)33631
System control number (OCoLC)25417114
040 ## - CATALOGING SOURCE
Original cataloging agency DLC
Transcribing agency CSt
Modifying agency Uk
-- BD-RjUL
Language of cataloging eng
041 ## - LANGUAGE CODE
Language code of text/sound track or separate title eng
082 ## - DEWEY DECIMAL CLASSIFICATION NUMBER
Classification number 374.24
Author mark and year TAR 1964
100 1# - MAIN ENTRY--PERSONAL NAME
Personal name Taylor, H. M.
Fuller form of name (Helen Margaret),
Dates associated with a name 1896-
9 (RLIN) 101794
245 14 - TITLE STATEMENT
Title The right way to conduct meetings, conferences and discussions /
Statement of responsibility, etc. by H.M. Taylor and A.G. Mears.
250 ## - EDITION STATEMENT
Edition statement 4th large ed. revised.
260 ## - PUBLICATION, DISTRIBUTION, ETC. (IMPRINT)
Place of publication, distribution, etc. Kingswood (Sy.) :
Name of publisher, distributor, etc. Elliot Right Way Books,
Date of publication, distribution, etc. 1964.
300 ## - PHYSICAL DESCRIPTION
Pagination [6] 126 p. :
Illustrations illus. (forms.), diagrs. ;
Size 19 cm.
490 0# - SERIES STATEMENT
Series statement Right way books
504 ## - BIBLIOGRAPHY, ETC. NOTE
Bibliography, etc Includes index.
650 #0 - SUBJECT ADDED ENTRY--TOPICAL TERM
Topical term or geographic name as entry element Public meetings.
9 (RLIN) 44000
Topical term or geographic name as entry element Parliamentary practice.
9 (RLIN) 46912
Topical term or geographic name as entry element Forums (Discussion and debate)
9 (RLIN) 60031
700 1# - ADDED ENTRY--PERSONAL NAME
Personal name Mears, A. G.,
Relator term joint author.
942 ## - ADDED ENTRY ELEMENTS (KOHA)
Source of classification or shelving scheme Dewey Decimal Classification
Koha item type Books
Holdings
Lost status Source of classification or shelving scheme Damaged status Not for loan Collection code Permanent Location Current Location Shelving location Date acquired Source of acquisition Cost, normal purchase price Total Checkouts Full call number Date last seen Copy number Koha item type
  Dewey Decimal Classification   Not For Loan Non-fiction Central Library, University of Rajshahi Central Library, University of Rajshahi Reading Room 11/04/1956 B.H.Blackwell 0.00   374.24 TAR 1964 08/05/2014 C-1 Books